Football : clubs de Série A 2025-2026 - Statistiques

Statistiques générales
  • Ce quiz a été pris 139 fois
  • Le résultat moyen est 15 sur 20
Statistiques - réponses
Club % Correct
AC Milan
100%
Inter Milan
100%
Juventus
99%
As Roma
93%
Napoli
92%
Lazio Rome
85%
Fiorentina
80%
Atalanta
79%
Torino
75%
Côme
71%
Bologne
67%
Sassuolo
65%
Cagliari
61%
Genoa
61%
Hellas Vérone
58%
Udinese
58%
Parme
55%
Lecce
54%
Pise SC
53%
Cremonese
47%
Aucun quiz correspondant
Distribution des résultats
% des personnes avec chaque résultat
Percentile par nombre de réponses
Votre historique - résultats
Vous n’avez pas pris ce quiz